超高層ビルが多い国 - Statistics

General Stats
  • This quiz has been taken 267 times
  • The average score is 26 of 32
Answer Stats
棟数 % Correct
日本 280
100%
中国 3,285
99%
アメリカ 894
99%
インド 121
98%
ロシア 54
97%
韓国 276
96%
ドイツ 21
96%
カナダ 157
95%
オーストラリア 154
94%
ブラジル 67
94%
イギリス 43
94%
フランス 26
94%
アラブ首長国連邦 336
92%
インドネシア 136
92%
メキシコ 53
90%
シンガポール 97
89%
スペイン 13
89%
タイ 131
88%
サウジアラビア 44
88%
マレーシア 295
84%
ベトナム 42
81%
トルコ 76
79%
カタール 52
74%
フィリピン 128
73%
ポーランド 13
62%
イスラエル 33
58%
北朝鮮 17
58%
バーレーン 19
55%
クウェート 18
55%
コロンビア 24
44%
パナマ 67
29%
スリランカ 13
24%
No matching quizzes found
Score Distribution
Percent of People with Each Score
Percentile by Number Answered
Your Score History
You have not taken this quiz